Capitalizar el campo : (Registro nro. 152267)
[ vista simple ]
| 000 -LEADER | |
|---|---|
| fixed length control field | 00993nam a22002297a 4500 |
| 005 - DATE AND TIME OF LATEST TRANSACTION | |
| control field | 20220121123028.0 |
| 008 - FIXED-LENGTH DATA ELEMENTS--GENERAL INFORMATION | |
| fixed length control field | 191018b mx ||||| |||| 00| 0 spa d |
| 020 ## - INTERNATIONAL STANDARD BOOK NUMBER | |
| International Standard Book Number | 9786076281499 (El Colegio de México) |
| 020 ## - INTERNATIONAL STANDARD BOOK NUMBER | |
| International Standard Book Number | 9786076073404 (Universidad Autónoma de Baja California) |
| 050 04 - LIBRARY OF CONGRESS CALL NUMBER | |
| Classification number | HG2718.B346 |
| Item number | M46 2017 |
| 100 1# - MAIN ENTRY--PERSONAL NAME | |
| Personal name | Méndez Reyes, Jesús |
| 245 10 - TITLE STATEMENT | |
| Title | Capitalizar el campo : |
| Remainder of title | Financiamiento y organización rural en México : los inicios del banco nacional de crédito agrícola / |
| Statement of responsibility, etc | Jesús Méndez Reyes |
| 250 ## - EDITION STATEMENT | |
| Edition statement | Primera edición |
| 260 ## - PUBLICATION, DISTRIBUTION, ETC. (IMPRINT) | |
| Place of publication, distribution, etc | México : |
| Name of publisher, distributor, etc | El Colegio de México : |
| -- | Universidad Autónoma de Baja California, |
| Date of publication, distribution, etc | 2017 |
| 300 ## - PHYSICAL DESCRIPTION | |
| Extent | 231 páginas ; |
| Dimensions | 22 cm |
| 490 0# - SERIES STATEMENT | |
| Series statement | Centro de Estudios Históricos |
| 504 ## - BIBLIOGRAPHY, ETC. NOTE | |
| Bibliography, etc | Bibliografía p. 203-231 |
| 610 17 - SUBJECT ADDED ENTRY--CORPORATE NAME | |
| Source of heading or term | lemb |
| Corporate name or jurisdiction name as entry element | México. |
| Subordinate unit | Banco Nacional de Crédito Agrícola |
| General subdivision | Historia |
| 650 #7 - SUBJECT ADDED ENTRY--TOPICAL TERM | |
| Source of heading or term | lemb |
| Topical term or geographic name as entry element | Crédito rural |
| Geographic subdivision | México |
| General subdivision | Historia |
| 650 #7 - SUBJECT ADDED ENTRY--TOPICAL TERM | |
| Source of heading or term | lemb |
| Topical term or geographic name as entry element | Crédito agrícola |
| Geographic subdivision | México |
| General subdivision | Historia |
| 942 ## - ADDED ENTRY ELEMENTS (KOHA) | |
| Source of classification or shelving scheme | Biblioteca del Cogreso de los Estados Unidos |
| Koha item type | Libro |
| Estado de pérdida | Fuente de clasificación | Estado del daño | No para préstamo | Ubicación permanente | Ubicación actual | Apartado o colección | Fecha de adquisición | Área del conocimiento | Clasificación | Código de Barras | Date last seen | Número de copia | Costo por reposición | Tipo de recurso | Edición | Dependencia de educación superior (DES) | Total Checkouts |
|---|---|---|---|---|---|---|---|---|---|---|---|---|---|---|---|---|---|
| Biblioteca del Cogreso de los Estados Unidos | Biblioteca del Instituto de Investigaciones Históricas | Biblioteca del Instituto de Investigaciones Históricas | General | 18/10/2019 | Ciencias Sociales y Administrativas | HG2718.B346 M46 2017 | IIH000029306 | 18/10/2019 | C:1 | 1.00 | Libro | ||||||
| Biblioteca del Cogreso de los Estados Unidos | Biblioteca del Instituto de Investigaciones Históricas | Biblioteca del Instituto de Investigaciones Históricas | General | 21/01/2022 | Ciencias Sociales y Administrativas | HG2718.B346 M46 2017 | IIH000031866 | 21/01/2022 | C:2 | 1.00 | Libro | 1a ed. | Humanidades | ||||
| Biblioteca del Cogreso de los Estados Unidos | Biblioteca del Instituto de Investigaciones Históricas | Biblioteca del Instituto de Investigaciones Históricas | General | 10/02/2022 | Ciencias Sociales y Administrativas | HG2718.B346 M46 2017 | IIH000031901 | 10/02/2022 | C:3 | 1.00 | Libro | 1a ed. | Humanidades |